[Event "EU-Cup 32nd"]
[Site "Novi Sad"]
[Date "2016.11.10"]
[Round "5.1"]
[White "Ding, Liren"]
[Black "Svidler, Peter"]
[Result "0-1"]
[WhiteElo "2764"]
[BlackElo "2742"]
[Annotator "Sumets,A"]
[PlyCount "88"]
[EventDate "2016.11.06"]
[EventType "team-swiss"]
[EventRounds "7"]
[EventCountry "SRB"]
[SourceTitle "CBM 176"]
[Source "ChessBase"]
[SourceDate "2017.01.17"]
[SourceVersion "1"]
[SourceVersionDate "2017.01.17"]
[SourceQuality "1"]
[WhiteTeam "Alkaloid"]
[BlackTeam "Mednyi Vsadnik"]
[WhiteTeamCountry "MKD"]
[BlackTeamCountry "RUS"]

1. d4 Nf6 2. c4 g6 3. g3 Bg7 4. Bg2 c5 5. Nf3 O-O 6. Nc3 cxd4 7. Nxd4 (7. Qxd4
$5 {Giri,A (2737)-Bacrot,E (2723) Elancourt 2013 0-1 (44) CBM 157 [Marin,M]})
7... Nc6 8. O-O Qa5 9. e3 d6 ({Black couldn't get an equal position after} 9...
Qc5 $6 10. b3 d6 11. Bb2 Bg4 12. Qd2 Rac8 13. h3 Bd7 14. Nde2 Rfe8 15. Rac1 $14
{Petrosyan,M (2480)-Gabuzyan,H (2620) Gjakova KOS 2016.}) 10. h3 (10. Bd2 {
is the most popular continuation.} Qc5 (10... Qa6 11. b3 Bg4 12. Qe1 Rac8 13.
Nxc6 (13. h3 Bd7 14. Qe2 (14. Nc2 $5 Be6 15. e4 Nd7 16. f4 f5 17. exf5 Bxf5 18.
Ne3 $14) 14... Rfd8 15. Rfe1 e6 16. Rac1 d5 17. cxd5 Qxe2 18. Rxe2 Nxd4 19.
exd4 Nxd5 20. Nxd5 exd5 21. Bxd5 Bxd4 22. Rxc8 (22. Re7 $1 Bc6 23. Bxc6 (23.
Bxf7+ Kf8 24. Bb4 a5 25. Rxc6 (25. Ba3 $2 Bb2 $17) 25... bxc6 26. Ba3 Bb2 27.
Bc5 Bd4 $11) 23... Rxc6 24. Rxc6 bxc6 25. Bh6 $14) 22... Bxc8 23. Bh6 Bc5 $11 {
Radjabov,T (2724)-Bacrot,E (2720) Tromso 2014 1/2 (32)}) 13... bxc6 14. h3 Bd7
15. e4 c5 16. f4 Bc6 17. e5 dxe5 18. fxe5 Nd7 19. e6 Bd4+ 20. Kh2 Ne5 21. exf7+
Rxf7 22. Rxf7 Bxg2 23. Kxg2 Kxf7 (23... Nxf7 $5 24. Qe2 Rc6 25. Rf1 Re6 $11)
24. Qe4 $14 {Giri,A (2755)-Navara,D (2742) Baku AZE 2016 1/2 (36)}) 11. Nxc6
bxc6 12. b3 d5 13. cxd5 cxd5 14. Rc1 Qd6 15. e4 ({I believe White should have
considered} 15. Nb5 $1 Qd8 16. Nc7 Rb8 17. Bc3 e6 18. Be5 $14) 15... Bg4 16.
Qe1 dxe4 17. Nxe4 Nxe4 18. Bb4 Qe6 19. Qxe4 Qxe4 20. Bxe4 Rac8 21. Kg2 $14 {
1-0 (57) Vachier Lagrave,M (2811) -Ragger,M (2694) Novi Sad SRB 2016}) (10.
Bxc6 {leads to a drawish position.} bxc6 11. Nxc6 Qc7 12. Nd5 Nxd5 13. cxd5 Bb7
14. Bd2 Bxc6 15. Rc1 Bxb2 16. Rxc6 Qd7 17. Qa4 Rfb8 18. Ra6 Qxa4 19. Rxa4 Rc8
$11 {Braun,A (2559)-Bacrot,E (2712) Deizisau 2015 1/2 (25)}) 10... Bd7 11. Qe2
Rfc8 12. Rd1 Rab8 13. Bd2 Qe5 $146 {A novelty, which probably was prepared at
home. Black's queen on e5 has not many squares to which it can retreat and it
might be subject to attack. It seems to me that the novelty is not enough to
get equal chances. Let's look at other continuations.} (13... Qd8 14. Rac1 a6
15. a4 $2 ({White has some chances to get an advantage after} 15. Nc2 Na5 (
15... e6 $5 16. b3 Qe7 17. Be1 $13 {Both sides have a bunch of different
options.}) 16. b3 b5 17. cxb5 axb5 18. Nd4 b4 19. Na4 $14 {and Black has some
problems, for example} e5 20. Nc2 Nc6 21. Qe1) 15... Na5 {and White needs good
advice.} 16. Nd5 (16. b3 $2 e5 17. Nc2 Nxb3 18. Rb1 Be6 $19) 16... Nxd5 17.
cxd5 Bxa4 18. Rxc8 Rxc8 19. Ra1 Bb5 20. Nxb5 Nb3 21. Rd1 axb5 22. Qxb5 Nxd2 23.
Rxd2 Rc1+ 24. Kh2 Qc8 $15 {Kovalenko,I (2657)-Parligras, M (2581) Albena 2015
0-1 (80). Black's bishop is very strong but the position which has arisen is
rather drawish.}) (13... a6 14. Be1 (14. Rac1 $5) 14... Qc7 15. Rac1 {1/2 (15)
Romanishin,O (2570)-Szekely,P (2450) Frunze 1985}) 14. Nc2 ({White could have
tried} 14. Rac1 $5 a6 ({It seems to me that 14...Nxd4 is in White's favour:} 
14... Nxd4 15. exd4 Qxd4 $6 (15... Qxe2 $142 16. Nxe2 $14) 16. Bf4 Qxc4 17.
Qxe7 Bc6 18. Ne4 Qe6 19. Qxe6 fxe6 20. Nxd6 $16) 15. b3 b5 16. cxb5 (16. Nf3 $5
Qc5 17. cxb5 axb5 18. e4 $13) 16... Nxd4 17. exd4 Qxe2 18. Nxe2 axb5 $11) 14...
a6 15. Nd5 Nxd5 {This is almost forced.} (15... b5 $6 16. Bc3 Qe6 17. g4 Be8
18. Nxf6+ Bxf6 19. Bd5 $16) 16. cxd5 Na7 17. Bc3 Qg5 ({Peter could have
sacrificed an exchange after} 17... Rxc3 $5 18. bxc3 Nb5 19. Rdc1 $1 Nxc3 20.
Qe1 {A critical position, Black should make a choice. I think that in any case
the position which has arisen is in White's favour.} Qf5 (20... Na4 $5 21. Nd4
Nc5 22. Qe2 Re8 23. Rab1 $14) 21. Nd4 Bxd4 22. exd4 Nxd5 23. Rab1 $14) 18. Bxg7
Kxg7 19. Nd4 Nb5 20. Nf3 Qf6 21. Rac1 {I don't think that Peter was satisfied
with the result of the opening.} Rc5 {After Rxc5 dxc5 Black's knight can move
to d6 and then to e8.} ({The computer recommends putting the a-pawn on a4 and
then playing ...Rc5.} 21... a5 22. Qd2 a4 23. a3 Rc5 (23... Rxc1 $6 24. Rxc1
Bxh3 $2 25. Bxh3 Qxf3 26. Bd7 $1 $18) 24. Ne1 Rbc8 25. Nd3 Rxc1 26. Rxc1 Rxc1+
27. Qxc1 $14) 22. a4 {White has many attractive options, for example he could
take on c5 and push e4, e5.} (22. Rxc5 dxc5 23. e4 e5 $8 24. dxe6 Bxe6 25. a4
Na7 26. e5 Qe7 27. Qe3 b5 28. Rd6 $14) 22... Nc7 (22... Na7 $6 23. Rxc5 dxc5
24. Qc4 Nc8 25. Qxc5 Bxh3 26. e4 Bg4 27. e5 $16) 23. e4 {I'm not sure about
the right evaluation of this move. If both players could use a computer than
it deserves '!' or '!?'. In an over the board game Black can take a pawn, and
get some chances even to win the game. It should be mentioned that before 23.
e4 White had much better chances. These considerations led me to another
evaluation '?!'.} (23. Rxc5 dxc5 24. Qc2 b6 25. Nd2 Ne8 26. e4 e5 27. b3 $14) (
23. Rc4 $5 Rxc4 24. Qxc4 Ne8 25. Nd4 Rc8 26. Qb3 Rc7 27. a5 $14) 23... Bxa4 24.
e5 Qf5 25. b3 Bb5 {Svidler has no choice.} (25... Bxb3 $2 26. Nd4 Qxe5 27.
Qxe5+ dxe5 28. Nxb3 $16) 26. Qb2 (26. Qd2 $1 {seems to be stronger than the
natural 26.Qb2.} Rxc1 (26... Rd8 27. b4 Rxc1 28. Rxc1 Ne8 29. e6 Qd3 30. exf7
Nf6 31. Qe1 Qxd5 32. h4 $16) 27. Rxc1 Ne8 28. e6 Kg8 29. Nd4 Qf6 30. Rc3 Qg7
31. exf7+ Qxf7 32. Nxb5 axb5 33. Qe2 $14) 26... Rxc1 27. Rxc1 {White could
have tried other continuations.} (27. Qxc1 $5 Ne8 28. e6 (28. g4 $5 Qc8 29. Qf4
f6 30. exf6+ Nxf6 31. Re1 Qf8 32. Qe3 Kg8 (32... Re8 33. Rc1 $16) 33. Nd4 Bd7
34. Qxe7 Qxe7 35. Rxe7 Re8 $11) 28... fxe6 29. Nd4 Qf7 (29... Qf6 $6 30. Nxe6+
Kg8 31. Rd4 Ng7 32. Rf4 Qe5 33. Qc7 $16) 30. dxe6 (30. Nxe6+ Kg8 31. Re1 Bd7 {
Black should survive}) 30... Qf6 31. h4 Kh8 32. Qe3 Ng7 33. Rc1 Nf5 34. Nxf5
gxf5 35. Rc7 f4 36. Qxf4 Qxf4 37. gxf4 Re8 38. Bxb7 Kg7 $11) (27. e6+ Qf6 28.
Qxc1 Be2 29. Qxc7 Bxd1 30. Qxb8 Bxf3 31. Bxf3 Qxf3 32. Qxb7 Qd1+ $11) 27... Ne8
28. Re1 dxe5 29. Nxe5 Nf6 30. Qd4 ({Black is OK after} 30. g4 Qf4 31. Nc4 Kf8
32. Re4 Qg5 $11 33. Re5 Qf4 34. Re4 Qg5 $11 (34... Qh6 $2 35. d6 $18)) 30...
Rc8 31. Nc4 (31. g4 $5 {the last chance to play to win.} Qg5 $8 32. Kh2 $1 {
threatening f4. The following line is forced} (32. f4 $2 Qh4 33. Nf3 Qg3 34.
Rxe7 Rc1+ $17) 32... Rc2 $8 33. Nf3 $8 (33. f4 $2 Qh4 34. Nf3 Qf2 $17) 33...
Qxd5 34. g5 Qxd4 35. Nxd4 Rxf2 36. gxf6+ Kxf6 37. Nxb5 axb5 38. Re4 $13 {
It's not easy to evaluate the final position, I think that the position which
has arisen is rather equal.}) 31... Qc2 32. Nb6 $2 {A terrible mistake, which
costs Ding Liren the game.} (32. Rxe7 Bxc4 33. bxc4 Rxc4 34. Qe5 $11 {with the
obvious threat of Qe6:} Qd1+ 35. Kh2 Rc1 36. g4 Qg1+ 37. Kg3 Rc2 38. Rxf7+ Kxf7
39. Qe6+ Kg7 40. Qe7+ Kg8 (40... Kh6 $4 41. Qf8+ Kg5 42. f4#) 41. Qe6+ $11)
32... Rc3 $1 {Black has an extra pawn and after ...Rxb3 or ...Qxb3 the white
knight on b6 almost has no squares to which to retreat.} (32... Qc3 $2 33. Qxc3
Rxc3 34. Rxe7 Rxb3 35. Rxb7 $15 {White should be able to make a draw.}) 33.
Rxe7 (33. b4 {[%emt 0:00:33] is not better than Rxe7:} Rd3 34. Qe5 Rd2 35. Qe3
Qb2 {Black has a winning position.}) 33... Rxb3 34. Re1 $6 {White should have
taken on b7.} (34. Qe5 $4 Rb1+ 35. Kh2 Qxf2 $19) (34. g4 h6 35. Rxb7 a5 36. Ra7
a4 $22 {White has no good moves.} 37. Kh2 $8 (37. Nxa4 Rd3 38. Qf4 (38. Qb2
Bxa4 $19) (38. Qb4 Rd1+ 39. Kh2 Qxf2 $19 40. Qc5 Qf4#) 38... g5 $19) 37... a3
38. Na4 $5 {setting a trap:} Bxa4 (38... a2 $4 39. Nc5) 39. Ra6 Qb2 40. Rxa4
Qe2 $1 41. d6 Rd3 $19) (34. Rxb7 a5 35. Ra7 Rb1+ (35... a4 $6 36. Nxa4 Rd3 37.
Qb4 Rd1+ 38. Kh2 Qxf2 39. Qc5 $15 {That's the difference between 34.g4 h6 35.
Rxb7 and 34.Rxb7 immediately.}) 36. Kh2 Qc1 37. f4 (37. g4 Qg1+ 38. Kg3 Rb3+
$19) 37... Rb2 $19) 34... Rd3 35. Qe5 ({A slightly more stubborn try is} 35.
Qb4 Rd2 36. Qf4 h6 37. Qe3 Qb2 $19) 35... Qc5 $1 $19 36. Na8 $8 Rd2 37. Re3
Qc1+ 38. Re1 Qc2 39. d6 (39. Qe3 Nxd5 40. Qe5+ Nf6 $19) 39... Rxf2 40. Bxb7 Rf5
$6 {This move gives White a small chance to continue the game.} (40... Rh2 $1
41. Qf4 Rxh3 42. Bg2 Ng4 $1 $19) 41. Qe3 $2 (41. Qd4 $8 {and Black had to find}
Bc6 42. Bxc6 Qxc6 43. Nc7 Rf3 44. Ne8+ Kh6 45. Qd2+ g5 46. Kh2 Qb6 $1 47. Re2
Rf1 $1 48. Qe3 Qc6 49. Rg2 Nxe8 $19 {That is not easy to calculate.}) 41... Bc6
$1 42. Bxc6 Qxc6 43. Nc7 Qxd6 44. Qc3 Kh6 0-1

[Event "Gibraltar Masters 15th"]
[Site "Caleta"]
[Date "2017.02.01"]
[Round "9"]
[White "Svidler, Peter"]
[Black "Donchenko, Alexander"]
[Result "1/2-1/2"]
[WhiteElo "2748"]
[BlackElo "2559"]
[PlyCount "66"]
[EventDate "2017.01.24"]
[EventType "swiss"]
[EventRounds "10"]
[EventCountry "GGB"]
[SourceTitle "CBM 177"]
[Source "ChessBase"]
[SourceDate "2017.03.16"]
[SourceVersion "1"]
[SourceVersionDate "2017.03.16"]
[SourceQuality "1"]

1. e4 c5 2. Nf3 d6 3. d4 cxd4 4. Nxd4 Nf6 5. Nc3 a6 6. h3 e6 7. g4 Be7 8. g5
Nfd7 9. Be3 b5 10. a3 Bb7 11. h4 Nc6 12. Qd2 O-O 13. O-O-O Nc5 14. f3 Rb8 15.
Nxc6 Bxc6 16. b4 Nd7 17. h5 a5 18. g6 axb4 19. axb4 Ne5 20. f4 Ng4 21. Bh3 Nxe3
22. Qxe3 Qb6 23. gxf7+ Kxf7 24. Qg3 Qa7 25. Rhg1 Qa3+ 26. Kd2 Qxb4 27. Qxg7+
Ke8 28. Bxe6 Bf6 29. Qg3 Bxe4 30. Qe3 Ke7 31. Bb3 Kd7 32. Be6+ Ke7 33. Bb3 Kd7
1/2-1/2

[Event "Shenzhen Du Te Cup"]
[Site "Shenzhen"]
[Date "2017.03.24"]
[Round "2"]
[White "Svidler, Peter"]
[Black "Yu, Yangyi"]
[Result "1/2-1/2"]
[WhiteElo "2741"]
[BlackElo "2750"]
[PlyCount "48"]
[EventDate "2017.03.23"]
[EventType "tourn"]
[EventRounds "10"]
[EventCountry "CHN"]
[EventCategory "21"]
[SourceTitle "CBM 178"]
[Source "ChessBase"]
[SourceDate "2017.05.14"]
[SourceVersion "1"]
[SourceVersionDate "2017.05.14"]
[SourceQuality "1"]

1. e4 e5 2. Nf3 Nf6 3. Nc3 Nc6 4. Bb5 Bd6 5. d3 h6 6. a3 a6 7. Bc4 Bc5 8. b4
Ba7 9. h3 d6 10. Ne2 Be6 11. Bxe6 fxe6 12. Ng3 O-O 13. c3 Qe8 14. O-O Nh5 15.
Nxh5 Qxh5 16. Be3 Bxe3 17. fxe3 Rf6 18. Ra2 Raf8 19. Raf2 Nd8 20. Qa4 Qg6 21.
Kh2 Qf7 22. Kg1 Qg6 23. Kh2 Qf7 24. Kg1 Qg6 1/2-1/2

[Event "Shenzhen Du Te Cup"]
[Site "Shenzhen"]
[Date "2017.03.26"]
[Round "4"]
[White "Svidler, Peter"]
[Black "Adams, Michael"]
[Result "1/2-1/2"]
[WhiteElo "2741"]
[BlackElo "2761"]
[PlyCount "57"]
[EventDate "2017.03.23"]
[EventType "tourn"]
[EventRounds "10"]
[EventCountry "CHN"]
[EventCategory "21"]
[SourceTitle "CBM 178"]
[Source "ChessBase"]
[SourceDate "2017.05.14"]
[SourceVersion "1"]
[SourceVersionDate "2017.05.14"]
[SourceQuality "1"]

1. e4 e5 2. Nf3 Nc6 3. Bc4 Bc5 4. c3 Nf6 5. d3 d6 6. O-O h6 7. b4 Bb6 8. Nbd2
Ne7 9. d4 Ng6 10. Re1 O-O 11. Bf1 c6 12. Qc2 Be6 13. Rb1 Re8 14. h3 Qc7 15. a4
a5 16. bxa5 Bxa5 17. dxe5 Nxe5 18. Nxe5 dxe5 19. Nc4 Bxc4 20. Bxc4 b5 21. axb5
cxb5 22. Bxb5 Qxc3 23. Qxc3 Bxc3 24. Bxe8 Bxe1 25. Bc6 Rc8 26. Bb7 Rc2 27. Be3
Bd2 28. Bxd2 Rxd2 29. Rb5 1/2-1/2

[Event "Shenzhen Du Te Cup"]
[Site "Shenzhen"]
[Date "2017.03.30"]
[Round "7"]
[White "Yu, Yangyi"]
[Black "Svidler, Peter"]
[Result "1/2-1/2"]
[WhiteElo "2750"]
[BlackElo "2741"]
[PlyCount "93"]
[EventDate "2017.03.23"]
[EventType "tourn"]
[EventRounds "10"]
[EventCountry "CHN"]
[EventCategory "21"]
[SourceTitle "CBM 178"]
[Source "ChessBase"]
[SourceDate "2017.05.14"]
[SourceVersion "1"]
[SourceVersionDate "2017.05.14"]
[SourceQuality "1"]

1. d4 Nf6 2. Nf3 g6 3. Nbd2 d5 4. e3 a5 5. c4 Bg7 6. b3 O-O 7. Bb2 a4 8. Be2
Bf5 9. O-O Nbd7 10. b4 a3 11. Bc3 dxc4 12. Nxc4 Ne4 13. Rc1 Be6 14. Ba1 Nb6 15.
Qc2 Nd6 16. Nxb6 cxb6 17. e4 Rc8 18. Qb1 Bc4 19. Bxc4 Nxc4 20. b5 Qd7 21. Rc3
Rc7 22. h3 Rfc8 23. Rb3 f5 24. Re1 fxe4 25. Qxe4 Qf5 26. Qxf5 gxf5 27. Bc3 Nd6
28. Bd2 Rc2 29. Rxa3 Nxb5 30. Rd3 Bf6 31. g4 Kf7 32. Ng5+ Kg6 33. Ne6 Nd6 34.
Bb4 Ne4 35. Rf3 fxg4 36. hxg4 Rc1 37. Rfe3 Rxe1+ 38. Rxe1 Nxf2 39. Kxf2 Bh4+
40. Kf3 Bxe1 41. Bxe1 Ra8 42. Ke4 Rxa2 43. Kd5 Ra1 44. Bb4 Kf6 45. Nf8 Kf7 46.
Nd7 b5 47. Ne5+ 1/2-1/2

[Event "Shenzhen Du Te Cup"]
[Site "Shenzhen"]
[Date "2017.04.01"]
[Round "9"]
[White "Svidler, Peter"]
[Black "Giri, Anish"]
[Result "1/2-1/2"]
[WhiteElo "2741"]
[BlackElo "2769"]
[PlyCount "58"]
[EventDate "2017.03.23"]
[EventType "tourn"]
[EventRounds "10"]
[EventCountry "CHN"]
[EventCategory "21"]
[SourceTitle "CBM 178"]
[Source "ChessBase"]
[SourceDate "2017.05.14"]
[SourceVersion "1"]
[SourceVersionDate "2017.05.14"]
[SourceQuality "1"]

1. c4 e6 2. Nc3 d5 3. d4 c6 4. e3 Nf6 5. Nf3 Nbd7 6. Qc2 Bd6 7. Be2 O-O 8. O-O
dxc4 9. a4 e5 10. Bxc4 exd4 11. exd4 Nb6 12. Bb3 Nbd5 13. Bg5 Be6 14. Nxd5 cxd5
15. a5 Qc8 16. Bxf6 Qxc2 17. Bxc2 gxf6 18. a6 Rab8 19. Bd3 Rfd8 20. Rfc1 bxa6
21. Rxa6 Rxb2 22. Rxa7 Bg4 23. Ne1 Re8 24. h3 Be6 25. Raa1 Rb3 26. Rab1 Ra3 27.
Ra1 Rb3 28. Rab1 Ra3 29. Ra1 Rb3 1/2-1/2

[Event "Zuerich Chess Challenge Blitz 6th"]
[Site "Zuerich"]
[Date "2017.04.12"]
[Round "7"]
[White "Svidler, Peter"]
[Black "Oparin, Grigoriy"]
[Result "1/2-1/2"]
[WhiteElo "2747"]
[BlackElo "2604"]
[PlyCount "140"]
[EventDate "2017.04.12"]
[EventType "tourn (blitz)"]
[EventRounds "9"]
[EventCountry "SUI"]
[SourceTitle "CBM 177 Extra"]
[Source "ChessBase"]
[SourceDate "2017.04.27"]
[SourceVersion "1"]
[SourceVersionDate "2017.04.27"]
[SourceQuality "1"]

1. g3 d5 2. Bg2 e5 3. d3 Nf6 4. Nf3 Nbd7 5. O-O Bd6 6. c4 c6 7. cxd5 cxd5 8.
Nc3 O-O 9. Nd2 Nb6 10. a4 Be6 11. a5 Nbd7 12. e4 d4 13. Nd5 Rc8 14. Nc4 Bb8 15.
f4 exf4 16. Bxf4 Bxf4 17. Rxf4 b5 18. Nd6 Rb8 19. Nxf6+ Nxf6 20. e5 Nd7 21. Qe2
Qg5 22. Re1 Rfd8 23. Rxd4 b4 24. Qe3 Qxe3+ 25. Rxe3 Nc5 26. Rf4 Nb3 27. d4 g5
28. d5 gxf4 29. Rxb3 Bd7 30. gxf4 Kf8 31. Rg3 b3 32. Be4 Rb4 33. f5 f6 34. Rh3
fxe5 35. Rxh7 Be8 36. Nxe8 Kxe8 37. Bf3 Rd6 38. Rxa7 e4 39. Bh5+ Kd8 40. Bf7 e3
41. Kf1 Rf4+ 42. Ke2 Rxf5 43. Be6 Rf2+ 44. Kxe3 Rxb2 45. Rb7 Rxh2 46. Kd4 Ra2
47. Ke5 Ra6 48. Rb8+ Kc7 49. Rxb3 R2xa5 50. Rc3+ Kd8 51. Kf6 Ra8 52. d6 R5a6
53. Rh3 Rxd6 54. Rh8+ Kc7 55. Rxa8 Rd1 56. Ra2 Re1 57. Rc2+ Kd6 58. Rd2+ Kc6
59. Ke7 Kc5 60. Rc2+ Kd4 61. Kd6 Rd1 62. Bd5 Rd3 63. Rc4+ Ke3 64. Ke5 Rd2 65.
Rh4 Kf2 66. Ke4 Re2+ 67. Kf4 Rd2 68. Be4 Re2 69. Rh2+ Ke1 70. Rxe2+ Kxe2
1/2-1/2

[Event "Zuerich Chess Challenge Blitz2 6th"]
[Site "Zuerich"]
[Date "2017.04.17"]
[Round "1"]
[White "Svidler, Peter"]
[Black "Nepomniachtchi, Ian"]
[Result "1/2-1/2"]
[WhiteElo "2747"]
[BlackElo "2751"]
[PlyCount "61"]
[EventDate "2017.04.17"]
[EventType "tourn (blitz)"]
[EventRounds "7"]
[EventCountry "SUI"]
[EventCategory "19"]
[SourceTitle "CBM 178"]
[Source "ChessBase"]
[SourceDate "2017.05.14"]
[SourceVersion "1"]
[SourceVersionDate "2017.05.14"]
[SourceQuality "1"]

1. Nf3 Nf6 2. c4 c5 3. b3 g6 4. Bb2 Bg7 5. Nc3 O-O 6. d4 cxd4 7. Qxd4 Nc6 8.
Qd2 Qa5 9. Na4 Nb4 10. Bxf6 Bxf6 11. Rc1 d6 12. e3 b6 13. a3 Nc6 14. Be2 Bd7
15. O-O Rfc8 16. Rfd1 Rab8 17. h3 Be8 18. Rc2 a6 19. Qc1 b5 20. Nc3 b4 21. axb4
Nxb4 22. Rcd2 Bg7 23. Nd4 d5 24. Qb1 dxc4 25. Bxc4 e6 26. Ne4 Rd8 27. Qc1 Nd5
28. Bxd5 Qxd5 29. Nb5 Rdc8 30. Qxc8 Rxc8 31. Rxd5 1/2-1/2

[Event "Zuerich Chess Challenge Blitz2 6th"]
[Site "Zuerich"]
[Date "2017.04.17"]
[Round "2"]
[White "Gelfand, Boris"]
[Black "Svidler, Peter"]
[Result "1/2-1/2"]
[WhiteElo "2724"]
[BlackElo "2747"]
[PlyCount "93"]
[EventDate "2017.04.17"]
[EventType "tourn (blitz)"]
[EventRounds "7"]
[EventCountry "SUI"]
[EventCategory "19"]
[SourceTitle "CBM 178"]
[Source "ChessBase"]
[SourceDate "2017.05.14"]
[SourceVersion "1"]
[SourceVersionDate "2017.05.14"]
[SourceQuality "1"]

1. Nf3 c5 2. c4 Nf6 3. Nc3 d5 4. cxd5 Nxd5 5. e3 Nxc3 6. bxc3 g6 7. Bb5+ Bd7 8.
Be2 Bg7 9. O-O O-O 10. d4 Qa5 11. Qb3 Bc6 12. Bd2 Nd7 13. c4 Qa6 14. Bc3 cxd4
15. Nxd4 Nc5 16. Qb4 Ne4 17. c5 Qa4 18. Nxc6 Nxc3 19. Qxa4 Nxa4 20. Nxe7+ Kh8
21. Rac1 Nc3 22. Bf3 Rad8 23. c6 bxc6 24. Nxc6 Rd2 25. Nxa7 Rxa2 26. Nc6 h5 27.
g3 Rd2 28. Nb4 Rb8 29. Rc2 Rxc2 30. Nxc2 Rb2 31. Na3 Bf6 32. Nc4 Rc2 33. Kg2
Kg7 34. Na5 Be7 35. Nb3 Rb2 36. Nd4 Bc5 37. Rc1 Bxd4 38. exd4 Nb5 39. Rd1 Kf6
40. Bc6 Nd6 41. Rd3 Rb4 42. Bd7 Ke7 43. Bc6 Kf6 44. h4 Nf5 45. d5 Nd6 46. Rf3+
Ke5 47. Re3+ 1/2-1/2

[Event "Moscow FIDE GP"]
[Site "Moscow"]
[Date "2017.05.12"]
[Round "1"]
[White "Tomashevsky, Evgeny"]
[Black "Svidler, Peter"]
[Result "1/2-1/2"]
[WhiteElo "2696"]
[BlackElo "2755"]
[PlyCount "49"]
[EventDate "2017.05.12"]
[EventType "swiss"]
[EventRounds "9"]
[EventCountry "RUS"]
[SourceTitle "CBM 179"]
[Source "ChessBase"]
[SourceDate "2017.07.12"]
[SourceVersion "1"]
[SourceVersionDate "2017.07.12"]
[SourceQuality "1"]

1. d4 Nf6 2. c4 g6 3. Nc3 d5 4. Nf3 Bg7 5. h4 c6 6. Bg5 h6 7. Bxf6 Bxf6 8. e3
e6 9. Qc2 Nd7 10. O-O-O O-O 11. Kb1 Bg7 12. g4 Qe7 13. cxd5 exd5 14. Bd3 Nb6
15. Rhg1 Bd7 16. Ne5 Bxe5 17. dxe5 Qxe5 18. f4 Qxe3 19. Bxg6 $1 Qxf4 20. g5 $2
(20. Rdf1 $11) 20... fxg6 $2 (20... Nc4 $1 $17) 21. Qxg6+ $11 Kh8 22. Qxh6+ Kg8
23. Qg6+ Kh8 24. Qh6+ Kg8 25. Qg6+ 1/2-1/2

[Event "Moscow FIDE GP"]
[Site "Moscow"]
[Date "2017.05.14"]
[Round "3"]
[White "Harikrishna, Pentala"]
[Black "Svidler, Peter"]
[Result "0-1"]
[WhiteElo "2750"]
[BlackElo "2755"]
[Annotator "Prasanna,V"]
[PlyCount "80"]
[EventDate "2017.05.12"]
[EventType "swiss"]
[EventRounds "9"]
[EventCountry "RUS"]
[SourceTitle "CBM 179"]
[Source "ChessBase"]
[SourceDate "2017.07.12"]
[SourceVersion "1"]
[SourceVersionDate "2017.07.12"]
[SourceQuality "1"]

1. d4 Nf6 2. c4 g6 3. Nc3 d5 4. cxd5 Nxd5 5. e4 Nxc3 6. bxc3 Bg7 7. Be3 c5 8.
Rc1 O-O 9. Nf3 ({Black equalised comfortably after} 9. Qd2 e5 10. d5 Nd7 11. c4
f5 12. Bg5 Nf6 13. Ne2 Nxe4 14. Bxd8 Nxd2 15. Be7 Rf7 16. Bxc5 Nxf1 17. Rxf1 b6
18. Bb4 Ba6 19. f4 Rc8 20. fxe5 Bxe5 21. Rf3 Bxc4 22. Re3 Bg7 23. Nf4 Rd7 24.
a4 Bh6 25. g3 Bxf4 26. gxf4 Rxd5 27. Re7 Rd4 28. Bd2 Kf8 29. Bb4 Re8 {0-1 (29)
Nakamura,H (2779)-So,W (2794) London ENG 2016}) 9... Qa5 10. Qd2 Rd8 11. d5 e6
12. d6 {This move has not been played at top level.} ({The most common
alternative was} 12. Bg5) 12... Qa4 (12... Nc6 13. h4 $5) 13. h4 {White
decides to burn all bridges. It is unclear if White forgot his preparation
because he got absolutely nothing in the game although in practical play
things would have not been so easy to judge for both sides.} (13. c4) (13. e5
$5 Nd7 14. Bg5 {leads to an interesting position where Black still has to
solve some problems.} f6 (14... Rf8) 15. exf6 Nxf6) 13... Qxe4 14. h5 Qd5 $1 {
After this simple move White has unsolvable problems.} 15. Qc2 Rxd6 16. hxg6
hxg6 17. Ng5 Nc6 18. Ne4 Rd7 19. Bg5 Bxc3+ $1 {Unfortunately for White Svidler
is painfully precise. The shot kills White's chances.} (19... f5 20. Nf6+ Bxf6
21. Bxf6 $17) 20. Qxc3 Qxe4+ 21. Be3 e5 22. Qxc5 Nd4 23. Bb5 Qxg2 {Black does
not offer any chances to White. Although the game must have been tense in
practical play. A little calculation shows that White is lost.} 24. Rh8+ Kxh8
25. Qf8+ Kh7 26. Bxd7 Qf3 27. Qh6+ Kg8 28. Bxd4 Bxd7 29. Bxe5 Qe4+ 30. Qe3 Qh1+
31. Kd2 Qd5+ 32. Qd4 Qxa2+ 33. Rc2 Qa5+ 34. Kc1 Re8 35. f4 Bf5 36. Rc7 f6 37.
Qc4+ Be6 38. Qc3 Qa4 39. Bd6 Bf5 40. Kd2 Qa2+ 0-1

[Event "WchT 11th"]
[Site "Khanty-Mansiysk"]
[Date "2017.06.18"]
[Round "2.1"]
[White "Svidler, Peter"]
[Black "Solak, Dragan"]
[Result "1/2-1/2"]
[WhiteElo "2756"]
[BlackElo "2641"]
[PlyCount "51"]
[EventDate "2017.06.17"]
[EventType "team-tourn"]
[EventRounds "9"]
[EventCountry "RUS"]
[SourceTitle "CBM 179"]
[Source "ChessBase"]
[SourceDate "2017.07.12"]
[SourceVersion "1"]
[SourceVersionDate "2017.07.12"]
[SourceQuality "1"]
[WhiteTeam "Russia"]
[BlackTeam "Turkey"]
[WhiteTeamCountry "RUS"]
[BlackTeamCountry "TUR"]

1. Nf3 d6 2. d4 Nf6 3. c4 g6 4. Nc3 Bg7 5. Bg5 h6 6. Bh4 g5 7. Bg3 Nh5 8. e3 c5
9. d5 Nd7 10. Qc2 Nxg3 11. hxg3 Ne5 12. Be2 Nxf3+ 13. gxf3 Qa5 14. Kf1 Bd7 15.
f4 gxf4 16. exf4 a6 17. Kg2 b5 18. a3 Rb8 19. Rab1 b4 20. axb4 Qxb4 21. Bd3 Kd8
22. Qe2 Bf6 23. Ne4 Bd4 24. Nc3 Bf6 25. Ne4 Bd4 26. Nc3 1/2-1/2